| 000 | 01818nam a2200349 c 4500 | ||
|---|---|---|---|
| 999 |
_c41555 _d41555 |
||
| 003 | BLK | ||
| 005 | 20230413113658.0 | ||
| 008 | 180408b bul|||||r ||||||| ||bul|| | ||
| 010 | _aKNG00045120000 | ||
| 040 | _aBLK | ||
| 041 |
_aBUL _cBUL |
||
| 080 |
_aИстория на изкуството (периоди и фази). Художествени стилове и влияния _b7.03 _z7.03 |
||
| 100 | 1 |
_aАлпатов, Михаил Владимирович _eпърви автор _930900 |
|
| 139 |
_aАлпатов, Михаил Владимирович _bА 57 |
||
| 245 | 1 | 0 |
_aИстория на изкуството _bТ. 1 - _cМихаил Владимирович Алпатов; прев. от рус. Анастасия Беливанова. _nТ. 2 _pИзкуството на Средновековието |
| 250 | _a2. изд. | ||
| 257 | _aSUN | ||
| 260 |
_aСофия _bБълг. художник _c1981 - |
||
| 300 |
_a248 с. _bс ил., 60 л. ил. _c22 см |
||
| 380 | _a7 | ||
| 500 | _aОриг. загл. Всеобщая история искусств. | ||
| 650 | 4 |
_aИзкуство, средновековно _9277834 |
|
| 653 | _aизкуство | ||
| 653 | _aистория на изкуството | ||
| 700 | 1 |
_aБеливанова, Анастасия _eпрев. от рус. _9277749 |
|
| 760 | 1 |
_aАлпатов, Михаил Владимирович _b2. изд. _d1982 _h248 с. : с ил., 60 л. ил. _n1. изд. 1975. - Библиогр. с. 212-226. - Именен, предм., геогр. показалци. _tТ. 2 Изкуството на Средновековието |
|
| 852 | _aЦб 112073 | ||
| 856 | 4 |
_qpdf _i0.00 _ldisable |
|
| 856 | 4 |
_qpdf _i0.00 _ldisable |
|
| 942 |
_cKNG _n0 _04 _s1 |
||
| 944 |
_aCR _c04.06.2011 _l04.06.2011 - от С1,Р / 04.06.2011 _kЕлица_Владова |
||
| 944 |
_aED _c04.06.2011 _l04.06.2011 - от С1,Р / 04.06.2011 |
||
| 999 | _d41555 | ||